Bugatti Cars by Pictures - Statistics

General Stats
  • This quiz has been taken 526 times
  • The average score is 6 of 11
Answer Stats
Picture Answer % Correct
Chiron
99%
Veyron
99%
Divo
89%
EB110
76%
Bolide
74%
La Voiture Noire
58%
Centodieci
57%
Vision Gran Turismo
13%
Type 57SC Atlantic
9%
Type 40
4%
Type 55 Roadster
3%
No matching quizzes found
Score Distribution
Percent of People with Each Score
Percentile by Number Answered
Your Score History
You have not taken this quiz